[Event "Asia-ch"]
[Site "Kolkata"]
[Date "2001.08.13"]
[Round "6"]
[White "Kotsur, Pavel"]
[Black "Moradiabadi, Elshan"]
[Result "0-1"]
[WhiteElo "2600"]
[BlackElo "2404"]
[Annotator "Ftacnik,L"]
[PlyCount "80"]
[EventDate "2001.08.09"]
[EventType "swiss"]
[EventRounds "11"]
[EventCountry "IND"]
[SourceTitle "CBM 085"]
[Source "ChessBase"]
[SourceDate "2001.11.13"]
[SourceVersion "1"]
[SourceVersionDate "2001.11.13"]
[SourceQuality "1"]

1. e4 c5 2. Nf3 Nc6 3. d4 cxd4 4. Nxd4 g6 5. Nb3 Bg7 6. Be2 Nf6 7. Nc3 O-O 8.
O-O d6 9. Kh1 a5 10. a4 Be6 11. Bg5 Rc8 12. f4 Nb4 13. Bf3 Qb6 14. Nd4 Bc4 15.
Re1 h6 $5 16. Bh4 e5 17. fxe5 dxe5 18. Ndb5 Rfd8 19. Qc1 g5 20. Bg3 Qe6 {
Black enjoys excellent pieces, but his pawn structure is somewhat compromised.}
(20... g4 21. Be2 Qe6 22. Bh4 Rd7 $11) 21. Na3 Ba6 22. Nab5 $5 Bxb5 (22... Nc6
23. Qe3 Nd4 24. Rac1 Rd7 $15) 23. axb5 b6 24. Bf2 (24. Rd1 g4 25. Rxd8+ Rxd8
26. Be2 Rd4 $13) 24... Bf8 25. g3 (25. Rd1 Rxd1+ 26. Qxd1 Bc5 27. Bxc5 Rxc5 28.
Qd8+ Kg7 29. Rd1 Rc8 30. Qd2 $11) 25... Bc5 26. Bxc5 Rxc5 27. Re2 Rc7 28. Qe3
Rd6 29. Rf1 Qc4 30. h4 $2 {[%mdl 8192] Great oversight in the moment, when
chances were still quite equal.} (30. Bg2 Qc5 31. Qf3 $11) 30... Nxc2 $1 31.
Qc1 (31. Rxc2 Qxf1+ $19) 31... Nd4 32. hxg5 (32. Rd2 Rcd7 33. hxg5 Nb3 $19)
32... Nxe2 33. Bxe2 Qxe2 $1 (33... Qe6 34. Rxf6 Qh3+ 35. Kg1 Qxg3+ 36. Kf1
Rxf6+ 37. gxf6 Qg6 $15) 34. Nxe2 (34. Rxf6 Rxc3 35. bxc3 Rd1+ $19) 34... Rxc1
35. Rxc1 Nxe4 36. Rc6 (36. gxh6 Rxh6+ 37. Kg2 f5 $17) 36... Kh7 37. gxh6 (37.
Nc3 Nxg3+ 38. Kg2 Nf5 $19) 37... Rd2 38. Nc3 Ng5 $2 {The final stage of the
game was surely clouded by the severe time trouble.} (38... Nxg3+ $1 39. Kg1
Rxb2 40. Rxb6 f5 $19) 39. Kg1 (39. Rxb6 $2 Nf3 $19) 39... e4 40. Rxb6 f5 (40...
f5 41. Kf1 Nf3 (41... e3 42. Rb7+ Kxh6 43. Re7 Rxb2 44. Rxe3 Kh5 $15) 42. Re6
Rxb2 43. b6 Nh2+ 44. Ke1 Ng4 $15) 0-1

[Event "EU-ch 6th"]
[Site "Warsaw"]
[Date "2005.06.29"]
[Round "11"]
[White "Malakhov, Vladimir"]
[Black "Palac, Mladen"]
[Result "1-0"]
[WhiteElo "2670"]
[BlackElo "2574"]
[Annotator "Ftacnik,L"]
[PlyCount "97"]
[EventDate "2005.06.18"]
[EventType "swiss"]
[EventRounds "13"]
[EventCountry "POL"]
[SourceTitle "CBM 108"]
[Source "ChessBase"]
[SourceDate "2005.09.26"]
[SourceVersion "1"]
[SourceVersionDate "2005.09.26"]
[SourceQuality "1"]

1. e4 c5 2. Nc3 d6 3. Nge2 Nf6 4. g3 Nc6 5. Bg2 g6 6. d4 cxd4 7. Nxd4 Nxd4 8.
Qxd4 Bg7 9. O-O O-O 10. Qd3 Be6 11. Nd5 Nxd5 12. exd5 Bf5 13. Qe2 b5 14. c3 Qd7
{Black should not have been suffering too much with a good development and
single weakness on e7.} 15. Re1 Rfc8 (15... Bf6 16. a4 bxa4 17. Qd1 a5 18. Rxa4
h5 19. Ra2 Bb1 20. Ra3 Rfb8 21. h3 {1-0 Masic,L-Ristic,N/Skender Vakuf 1980/ 
(37)}) 16. Bf1 Rab8 $2 {Palac has decided to start a direct counterplay on the
queenside, but failed to spot a great tactical refutation by the opponent.} (
16... b4 $5 17. cxb4 Bf6 18. Qb5 Qc7 $44) 17. Qxe7 b4 (17... Qxe7 18. Rxe7 b4
19. cxb4 Bd4 20. g4 $1 $16) 18. Qxd7 Bxd7 19. cxb4 Rxb4 (19... Be5 20. a3 Bb5
21. Be3 $16) 20. Re7 Rd8 (20... Rc7 21. Bf4 Rxf4 (21... Bxb2 22. Bxd6 Bxa1 23.
Bxc7 $18) 22. gxf4 Bxb2 23. Rae1 Bf6 24. R7e3 $16) 21. Bd2 $1 Rxb2 (21... Bxb2
22. Bxb4 Bxa1 23. Ba5 $18) 22. Ba5 Rb7 23. Ba6 $1 {A paradoxal situation, when
mounting threats is stronger than immediate grab of the material.} (23. Bxd8
Bxa1 24. Ba6 Rb1+ 25. Kg2 Bf5 $14) 23... Rb6 (23... Bxa1 24. Bxb7 Rb8 25. Rxd7
$18) (23... Rdb8 24. Bxb7 Rxb7 25. Rc1 $18) 24. Bxb6 axb6 25. Rb1 Kf8 26. Re2
Bd4 27. Bb5 Bg4 (27... Bf5 28. Rc1 $18) 28. Re8+ $1 {[%mdl 4096] Malakhov
reduces technical difficulties with an original exchange combination. The
bishops along the 4th rank are simply too vulnerable.} Rxe8 29. Bxe8 Bf5 (29...
Kxe8 30. Rb4 Bf3 31. Rxd4 g5 32. Rb4 Bxd5 33. a4 Bc6 34. Rxb6 Bxa4 35. Rxd6 $18
) 30. Re1 Bc3 31. Re2 Bb4 (31... Bg4 32. Rc2 $18) 32. Bb5 g5 33. f3 h5 34. Kf2
Bc5+ 35. Ke1 Kg7 36. Re8 Kf6 37. Ke2 g4 {Black is still resisting the pressure,
but he has no counterplay or compensation for the missing exchange.} (37... Bb1
38. a4 Ba2 39. Bc6 g4 40. Re4 $18) 38. Rh8 Bg6 39. Re8 Kg7 (39... Bf5 40. a4
Bg1 41. Rh8 Bg6 42. fxg4 hxg4 43. Bd3 $18) 40. Bd7 f5 (40... Bb1 41. a4 Ba2 42.
fxg4 hxg4 43. Bxg4 Bxd5 44. Bf3 $18) 41. Rc8 Kf6 42. Be8 $1 {The demise of the
light square bishops will make Malakhov's task rather easy.} Bg1 43. Bxg6 Kxg6
44. Kf1 Bc5 45. Kg2 Kf6 46. Re8 Kf7 47. Re6 Kg7 48. a4 Bb4 49. h3 1-0

[Event "Comtois Masters 5th"]
[Site "Belfort"]
[Date "2002.07.03"]
[Round "6"]
[White "Bauer, Christian"]
[Black "Hamdouchi, Hicham"]
[Result "1/2-1/2"]
[WhiteElo "2571"]
[BlackElo "2570"]
[Annotator "Ftacnik,L"]
[PlyCount "42"]
[EventDate "2002.06.27"]
[EventType "tourn"]
[EventRounds "10"]
[EventCountry "FRA"]
[EventCategory "14"]
[SourceTitle "CBM 090"]
[Source "ChessBase"]
[SourceDate "2002.09.20"]
[SourceVersion "1"]
[SourceVersionDate "2002.09.20"]
[SourceQuality "1"]

1. e4 c5 2. Nc3 Nc6 3. Nf3 d6 4. d4 cxd4 5. Nxd4 Nf6 6. Be2 g6 7. O-O Bg7 8.
Nb3 O-O 9. Re1 Be6 10. Bf1 d5 11. Nc5 dxe4 $5 {[%mdl 8] Somewhat surprising as
black is accepting break up of his nice pawn structure. On the other hand
black's pieces are slightly ahead in their development ambitions.} (11... d4
12. Ne2 (12. Nxe6 fxe6 13. Nb1 Ne5 14. h3 Qb6 15. Bd3 Nh5 16. Nd2 Nf4 17. Nc4
Nxc4 18. Bxc4 d3 19. Be3 Qxb2 20. cxd3 Qxa1 21. Qxa1 Bxa1 22. Rxa1 {1-0 Bauer,
C-Aronian,L/Cannes 1996/ (61)}) 12... Bc8 13. Ng3 b6 14. Nd3 e5 15. Bd2 Bb7 16.
c4 a5 17. b3 Re8 18. a3 Nd7 19. b4 {1-0 Fedorov,A-Aronian,L/Omsk 1996/ (71)}) (
11... Bg4 12. f3 d4 13. Nb5 Bc8 (13... Qb6 14. Na4 Qa5 15. Bd2 Bxf3 16. gxf3
Qxa4 17. b3 Qa6 18. Nc7 Qb6 19. Nxa8 Rxa8 20. f4 d3+ 21. Be3 {1-0 Zagrebelny,
S-Degraeve,J/Cappelle la Grande 2002/ (41)}) 14. c3 dxc3 15. Nxc3 Qb6 (15...
Qc7 16. Be3 b6 17. Na6 Qb7 18. Rc1 Bd7 19. Qb3 Be6 20. Qb5 Nd8 {0-1 Zagrebelny,
S-Leko,P/Budapest 1993/ (69)}) 16. N3a4 Qc7 17. Be3 Rd8 18. Nd3 Ne5 (18... b6
19. Rc1 Bb7 20. Qb3 Rac8 21. Bf2 e6 22. Qa3 Nh5 {1/2-1/2 Gashimov,V-Guseinov,K/
Baku 2001/ (22)}) 19. Rc1 Qb8 20. Qc2 Nxd3 21. Bxd3 Nh5 22. Bf1 Bd7 {1/2-1/2
Zagrebelny,S-Golubev,M/Moscow 1995/ (57)}) 12. Nxe6 (12. Qxd8 Raxd8 13. Nxb7
Rb8 14. Nc5 Nd4 $15) 12... fxe6 13. Qxd8 Raxd8 14. Bg5 (14. Nxe4 Nxe4 (14...
Nb4 15. Nxf6+ Bxf6 16. Re2 Rd1 17. a3 Nc6 $15) 15. Rxe4 Rd1 $17) 14... Nd4 {
Black obviously enjoys lot of play for his triple pawns on the e file, white
must be polite and avoid trouble.} (14... Nb4 15. Rac1 Rc8 16. Bxf6 Bxf6 17.
Rxe4 Bxc3 18. bxc3 Nxa2 19. Rce1 Rxc3 20. Rxe6 a6 21. Rxe7 b5 22. Ra7 $11) 15.
Rac1 h6 (15... Rc8 16. Red1 Nf5 (16... Nd5 17. Nxd5 exd5 18. c3 Ne6 19. Bxe7
Rf5 $11) 17. Bxf6 exf6 18. Rd7 Rf7 19. Rcd1 $11) 16. Bxf6 exf6 17. Nxe4 f5 18.
Nc5 b6 19. Nxe6 (19. Nb7 Rd7 20. c3 Rxb7 21. cxd4 Bxd4 $11) 19... Nxe6 20. Bc4
(20. Rxe6 Bxb2 21. Rce1 Kg7 $11) 20... Bxb2 21. Rcd1 Kg7 1/2-1/2

[Event "Interzonal-16"]
[Site "Biel"]
[Date "1993.??.??"]
[Round "11"]
[White "Ye, Jiangchuan"]
[Black "Gurevich, Dmitry"]
[Result "1-0"]
[WhiteElo "2535"]
[BlackElo "2575"]
[Annotator "Ftacnik,L"]
[PlyCount "99"]
[EventDate "1993.07.16"]
[EventType "swiss"]
[EventRounds "13"]
[EventCountry "SUI"]
[SourceTitle "CBM 037"]
[Source "ChessBase"]
[SourceDate "1993.12.01"]
[SourceVersion "1"]
[SourceVersionDate "1993.12.01"]
[SourceQuality "1"]

1. e4 c5 2. Nf3 d6 3. d4 cxd4 4. Nxd4 Nf6 5. Nc3 Nc6 6. Be2 g6 7. Nb3 Bg7 8.
O-O O-O 9. Bg5 a6 10. f4 b5 11. Bf3 Bd7 $5 (11... b4) 12. Re1 $5 h6 13. Bh4 Nh7
14. Bf2 $6 (14. Rb1 $142 $1 g5 (14... a5 15. Bf2 $14) 15. Bg3 gxf4 (15... b4
16. Nd5 e6 17. Ne3 {><d6}) 16. Bxf4 Ne5 17. Kh1 $14) 14... b4 15. Na4 Rb8 16.
a3 Ne5 $1 17. axb4 Nc4 (17... Rxb4 18. fxe5 Bxa4 19. exd6 exd6 20. Qd2 Qb8 21.
Nd4 $13) 18. Qe2 Nxb2 $1 (18... Rxb4 $6 19. c3 $1 Bxa4 20. cxb4 Bxb3 21. Qd3)
19. Nxb2 Bxb2 20. Ra2 (20. Rab1 $5) 20... Bc3 21. Rd1 Bb5 22. Qe3 Qc7 23. Be1
Bg7 $2 (23... Bxe1 24. Rxe1 Bc4 $15) 24. Na5 $1 $16 {/\ c4()} Bc4 25. Ra3 Bb2
26. Nxc4 Qxc4 27. Qd3 $1 Qxd3 (27... Rfc8 28. Rxa6 Qxc2 29. Qxc2 Rxc2 30. Rd2
$1 $16) 28. Raxd3 Bg7 29. c4 (29. Ra3 $1 Rfc8 30. c3 {><a6}) 29... Rfc8 30. Rc1
g5 $6 (30... Nf8) 31. g3 Nf8 32. Bd2 Ne6 33. Bg4 gxf4 (33... Rc7 $142 $16) 34.
gxf4 Rc7 35. Kh1 $1 $40 {<->g} Nd4 36. Rg3 Kh7 37. Bh5 Rf8 38. c5 $1 dxc5 39.
bxc5 Ne6 40. c6 $1 Nd8 41. e5 $1 $18 {ץg7} Rxc6 42. Rcg1 Ne6 (42... Bh8 43.
Bf3 Rc4 44. Be2) (42... Rg8 43. Ba5) 43. Bf3 Rb6 (43... Rcc8 44. Be4+ $1 (44.
Bd5 Rg8 45. f5 Ng5 46. Bxg5 hxg5 47. Bxf7 Bxe5 $1 $16) 44... Kh8 45. f5 Nc5 (
45... Ng5 46. Bxg5 hxg5 47. Rxg5) 46. Bxh6 $1 Bxh6 47. Rh3 Kh7 48. f6+ Nxe4 49.
Rg7+ Kh8 50. Rxh6#) 44. Bd5 Rg8 45. f5 Ng5 46. Bxg5 Bxe5 (46... hxg5 47. Rxg5)
47. Rh3 (47. Be3) 47... Bd4 $1 48. Be4 $1 (48. f6 $2 Rxg5 $1 49. Rxg5 Rb1+ 50.
Kg2 Rg1+ 51. Kf3 Rxg5 52. fxe7 Re5) 48... Rg7 49. f6+ Kg8 50. Rc1 1-0

[Event "Dubai op"]
[Site "Dubai"]
[Date "2001.04.20"]
[Round "6"]
[White "El Taher, Fouad"]
[Black "Ozolin, Maxim"]
[Result "1-0"]
[WhiteElo "2476"]
[BlackElo "2313"]
[Annotator "Ftacnik,L"]
[PlyCount "83"]
[EventDate "2001.04.15"]
[EventType "swiss"]
[EventRounds "9"]
[EventCountry "UAE"]
[SourceTitle "CBM 083"]
[Source "ChessBase"]
[SourceDate "2001.07.05"]
[SourceVersion "1"]
[SourceVersionDate "2001.07.05"]
[SourceQuality "1"]

1. e4 c5 2. Nf3 Nc6 3. d4 cxd4 4. Nxd4 Nf6 5. Nc3 g6 6. Nb3 Bg7 7. Be2 O-O 8.
O-O d6 9. Re1 Bd7 10. Bf1 Na5 (10... Rc8 11. Bg5 (11. Nd5 Re8 (11... Nxd5 12.
exd5 Ne5 13. c3 b5 14. Be3 Nc4 15. Bxc4 bxc4 16. Nd4 Re8 17. Qf3 e5 18. dxe6
fxe6 {0-1 Odeev,H-Motylev,A/Ubeda/2001/ (33)}) 12. Bg5 Nxd5 13. exd5 Ne5 14. c3
b5 15. Be3 a5 16. Bd4 Qc7 17. Rc1 Bh6 18. Be3 Bg7 19. Bd4 Bh6 20. Be3 Bg7 {
1/2-1/2 Gallagher,J-Beaumont,C/England/1999/ (20)}) 11... Ne5 12. Qd2 Re8 13.
Kh1 Be6 14. Nd5 Bxd5 15. exd5 Qc7 16. Bxf6 Bxf6 17. c3 Nc4 18. Bxc4 Qxc4 {
0-1 Lobzhanidze,D-Motylev,A/Ubeda/2000/ (42)}) (10... a5 11. a4 Nb4 12. Nb5 Bc6
13. c3 Na6 14. f3 Nd7 15. Bg5 h6 16. Bh4 Nac5 17. N3d4 Nb6 18. b3 Qd7 19. Ra2
Rfc8 20. Rd2 {1-0 Saltaev,M-Bancod,R/Jakarta/1997/ (74)}) 11. Bg5 Nxb3 (11...
Rc8 $2 12. Nxa5 Qxa5 13. e5 $16) 12. axb3 Bc6 13. Qd2 Re8 (13... Ng4 14. Be2
Ne5 15. Be3 $14) 14. Rad1 {The swap on b3 helped to improve white's pawn
structure, but after the night's jump to d5 black will have to live with
backward pawn e7.} Qc7 15. Nd5 Bxd5 (15... Nxd5 16. exd5 Bd7 17. c3 $14) 16.
exd5 Rac8 17. c3 a6 18. h3 Qd7 19. b4 Qf5 (19... Rc7 20. Qf4 $14) 20. g4 $5 Qd7
21. Re3 b5 22. Bg2 Rc4 23. Rde1 Kf8 24. R3e2 (24. b3 Rc7 25. Qd3 h6 26. Bf4 g5
27. Bg3 h5 28. f3 $13) 24... Qb7 25. Qd3 Qb6 26. Be3 Qd8 27. Bg5 Qb6 28. Kh1 a5
29. Be3 Qc7 30. bxa5 Qxa5 31. Bd4 Rc7 (31... h6 32. Re3 Rc7 $14) 32. Qe3 Rb7
33. Qf4 b4 34. c4 b3 35. c5 {Al Taher tries to break up Ozolin's defense, but
the tactic's is not completely in his favour.} (35. g5 Nh5 36. Qe3 Qb4 37.
Bxg7+ Nxg7 38. Qd4 $14) 35... dxc5 (35... Qc7 $2 36. cxd6 Qxd6 37. Qxd6 exd6
38. Bxf6 Rxe2 39. Bxg7+ Kxg7 40. Rxe2 $18) 36. Bc3 Qd8 $2 (36... Qb6 $1 37. d6
Rd7 38. dxe7+ (38. Bxf6 Bxf6 39. g5 Bd4 40. Bd5 e5 $1 $19) 38... Rexe7 39. Rxe7
Rxe7 40. Rxe7 Kxe7 41. g5 Ne8 42. Bxg7 Nxg7 43. Bd5 $11) 37. d6 $1 Rd7 38. Bc6
Rxd6 39. Bxe8 Qxe8 (39... Nxe8 40. Rxe7 $18) 40. Rxe7 Qc6+ 41. Kg1 h6 42. Bxf6
(42. Bxf6 Bxf6 43. Qxh6+ Bg7 44. Re8+ Qxe8 45. Rxe8+ Kxe8 46. Qxg7 $18) 1-0

[Event "Bundesliga 0304"]
[Site "Germany"]
[Date "2003.12.13"]
[Round "5.6"]
[White "Naumann, Alexander"]
[Black "Parmentier, Xavier"]
[Result "1-0"]
[WhiteElo "2518"]
[BlackElo "2335"]
[Annotator "Ftacnik,L"]
[PlyCount "71"]
[EventDate "2003.11.01"]
[EventType "team-tourn"]
[EventRounds "15"]
[EventCountry "GER"]
[SourceTitle "CBM 099"]
[Source "ChessBase"]
[SourceDate "2004.03.30"]
[SourceVersion "1"]
[SourceVersionDate "2004.03.30"]
[SourceQuality "1"]
[WhiteTeam "Solingen"]
[BlackTeam "St Ingbert"]
[WhiteTeamCountry "GER"]
[BlackTeamCountry "GER"]

1. e4 c5 2. Nf3 d6 3. d4 cxd4 4. Nxd4 Nf6 5. Nc3 g6 6. Be2 Bg7 7. O-O O-O 8.
Re1 Nc6 9. Nb3 Be6 10. Bf1 a5 11. a4 Bxb3 12. cxb3 e6 13. Bg5 h6 14. Bh4 g5 15.
Bg3 d5 {Black has an extra "half a pawn", but in the long run he has to face
the strength of the white's bishop pair.} 16. exd5 Nxd5 17. Rc1 Ncb4 18. Qf3
Qf6 19. Qe4 Rfc8 {The position from the opening is very close to equality, it
is difficult to make progress for either side.} (19... Qd4 20. Qb1 Rac8 21. Bc4
Rc6 22. Red1 Qf6 23. Bxd5 exd5 24. Nxd5 Nxd5 25. Rxd5 Qxb2 26. Qxb2 Bxb2 27.
Rxc6 bxc6 28. Rc5 {1-0 Siegel,G-Parmentier,X/France 2001/ (55)}) 20. Bc4 Qd4 (
20... Rc5 21. Qe2 Nf4 $11) 21. Qb1 Rc6 (21... Rd8 22. Red1 Qb6 $11) 22. Red1
Qf6 (22... Qb6 23. Nxd5 Nxd5 24. Rd2 Rd8 $11) 23. Rd2 Rac8 24. Nb5 Nb6 $2 {
Probably a blunder since without exchange Parmentier will be in difficulties.}
(24... Rd8 25. Rcd1 Rd7 26. Qe4 $14) 25. Na7 $1 (25. Nd6 Ra8 26. Rcd1 Nxc4 27.
bxc4 $16) 25... Rxc4 26. bxc4 Rxc4 27. Rxc4 Nxc4 28. Rd7 Nxb2 (28... Qxb2 $2
29. Rd8+ Bf8 30. Qxb2 Nxb2 31. Bd6 $18) 29. Rxb7 Qd4 (29... Bf8 30. Nc6 Nxc6
31. Qxb2 $16) 30. Rb8+ $1 Bf8 31. Nb5 Qd2 (31... Qd3 32. Qxd3 N4xd3 33. Bd6 $18
) 32. Bd6 Nd1 (32... N4d3 33. Qf1 $18) 33. Rxf8+ Kg7 34. Rxf7+ $1 {Impressive
small combination that turns the black king into a perfect attacking target.}
Kxf7 35. Qh7+ Kf6 (35... Ke8 36. Qe7#) 36. Qe7+ (36. Qe7+ Kg6 (36... Kf5 37.
Qf7+ Kg4 38. h3+ Kh4 39. Bg3#) 37. Qxe6+ Kg7 38. Be5+ Kf8 39. Qf6+ Ke8 40. Nc7+
Kd7 41. Qe6+ Kd8 42. Qe8#) 1-0

[Event "Osasco Franca Garcia Memorial 20th"]
[Site "Osasco"]
[Date "2004.07.03"]
[Round "3"]
[White "Needleman, Alejandro"]
[Black "Pelikian, Jefferson"]
[Result "1-0"]
[WhiteElo "2420"]
[BlackElo "2407"]
[Annotator "Ftacnik,L"]
[PlyCount "89"]
[EventDate "2004.07.01"]
[EventType "tourn"]
[EventRounds "9"]
[EventCountry "BRA"]
[EventCategory "9"]
[SourceTitle "CBM 103"]
[Source "ChessBase"]
[SourceDate "2004.11.11"]
[SourceVersion "1"]
[SourceVersionDate "2004.11.11"]
[SourceQuality "1"]

1. e4 c5 2. Nf3 d6 3. d4 cxd4 4. Nxd4 Nf6 5. Nc3 Nbd7 6. g3 g6 7. Bg2 Bg7 8.
O-O O-O 9. a4 Ne5 {Black is not pretending, that he played Nbd7 in order to
jump to c5. The knight goes to the center in order to exploit the weakness of
the c4 square.} (9... a6 10. h3 (10. Re1 Re8 11. h3 Qc7 12. Nb3 Nc5 13. Nd4
Ncd7 14. a5 Rb8 15. Nb3 b5 16. axb6 Nxb6 17. Na5 Nc4 18. Nxc4 Qxc4 19. Ra4 Qc7
20. Qe2 Be6 21. Qxa6 Nd7 22. Qa7 Qc8 {1/2-1/2 Manik,M-Alvir,A/Austria 2004/ 
(22)}) 10... e5 (10... Qc7 11. Re1 e6 12. a5 Rb8 13. Nb3 Ne5 14. Na4 Nc4 15.
Bd2 Bd7 16. Bc3 e5 17. Bf1 Be6 18. Bb4 Rbd8 19. Bxc4 Bxc4 20. Nb6 Be6 21. Kh2
h5 22. c4 h4 {0-1 De la Riva Aguado,O-Polgar,J/Andorra 2000/ (45)}) 11. Nde2
Qc7 12. Be3 Nb6 13. b3 Be6 14. Qd2 Rad8 15. a5 Nc8 16. Ra2 Qd7 17. Kh2 Kh8 18.
Nd5 Bxd5 19. exd5 Ne7 20. c4 h5 21. b4 {1-0 Mestel,A-Fries Nielsen,J/Esbjerg
1980/ (39)}) (9... Nc5 10. Re1 (10. h3 Nfd7 11. Be3 Ne5 12. Qe2 Ne6 13. Nb3 Nc6
{1/2-1/2 Shour,J-Paehtz,E/Dresden 2000/ (13)}) 10... Bg4 11. Qd2 Rc8 12. h3 Bd7
13. b3 Ne6 14. Nde2 Qc7 15. Bb2 Rfe8 16. Rab1 h5 17. h4 Bc6 18. Nd5 Bxd5 19.
exd5 Nc5 {0-1 Felgaer,R-Glek,I/Dos Hermanas 2003/ (45)}) 10. h3 Bd7 11. Nd5 Rc8
12. Bg5 (12. c3 Nxd5 13. exd5 Qc7 14. Re1 Rfe8 $11) 12... Nxd5 (12... e6 13.
Nxf6+ Bxf6 14. Bxf6 Qxf6 15. b3 $14) 13. exd5 h6 14. Bc1 (14. Bf4 Nc4 15. b3 g5
16. Bc1 Qb6 17. c3 Na5 18. Bd2 Bxd4 19. cxd4 Bf5 $11) 14... Nc4 15. Ra2 (15. b3
Qb6 16. bxc4 Qxd4 17. Qxd4 Bxd4 18. Rb1 b6 19. Bxh6 Rfe8 $15) 15... Qb6 16. c3
Kh7 (16... e5 17. dxe6 fxe6 18. b3 Ne5 19. Be3 Qc7 20. Rc2 $14) 17. Re1 e5 18.
dxe6 fxe6 19. b3 {Needleman understands, that due to the lesser number of pawn
islands his position should be somewhat better. The search for weakness in the
black's camp brings him to the focus on g6 square.} (19. Nxe6 Qxf2+ 20. Kh2
Bxe6 21. Rxe6 Rce8 $17) 19... Ne5 (19... Na5 20. Nxe6 Bxe6 21. Rxe6 Rxc3 22.
Bf4 Qxb3 23. Qxb3 Nxb3 24. Re7 $14) 20. Be3 Qc7 (20... Rxc3 $2 21. Nxe6 Qxb3
22. Qxb3 Rxb3 23. Nxf8+ Bxf8 24. Bxa7 $18) 21. f4 Nf7 (21... Nc6 22. Nb5 Qd8
23. Qxd6 $16) 22. c4 (22. Be4 $2 d5 $1 $15) 22... a6 23. Be4 $1 e5 (23... d5 $2
24. cxd5 exd5 25. Bxg6+ $1 Kxg6 26. Qb1+ Kf6 (26... Kh5 27. g4+ $18) 27. Nb5
Bf5 28. Bd4+ Ne5 29. Bxe5+ Kg6 30. Nxc7 $18) 24. Qh5 Nh8 25. fxe5 dxe5 (25...
Bf5 26. Bxf5 (26. Nxf5 gxh5 27. Ne7+ Ng6 28. Nxg6 Rfe8 29. Ne7+ Kh8 30. Nxc8
Qxc8) 26... Rxf5 27. exd6 Rxh5 28. dxc7 Rxh3 29. Kg2 Rh5 30. Ne6 Re5 31. Bf2
$18) 26. Nf3 Bf5 {Pelikian does his best to show serious resistance. Somewhat
more precise looks the alternative move putting prussure on f3 knight.} (26...
Bc6 $5 27. Qg4 (27. Qh4 $2 Rxf3 $19) 27... Bxe4 28. Qxe4 Qc6 29. Qxc6 Rxc6 30.
Nd2 $14) 27. Qh4 Bxe4 (27... Nf7 28. Bxf5 (28. Bd5 e4 29. Bxe4 Bxe4 30. Qxe4
Qxg3+ 31. Rg2 Rce8 32. Rxg3 Rxe4 33. Bc5 Rxe1+ 34. Nxe1 Re8 $11) 28... gxf5 29.
Qh5 Nd8 30. Kh2 $14) 28. Ng5+ Kg8 29. Nxe4 Rf5 $2 {[%mdl 256] Completely wrong
idea, since black will suffer along the open d file and rook on f5 is too
exposed.} (29... Qd8 30. Qxd8 Rfxd8 31. Rd2 $14) 30. Rd2 Rcf8 31. Red1 $1 Nf7 (
31... Qf7 32. Nd6 Rf1+ 33. Kh2 Qf3 34. Rxf1 Qxf1 35. Qe4 Qf3 36. Qxf3 Rxf3 37.
Re2 $16) 32. Qg4 (32. Rd7 Qc6 33. a5 Bf6 34. Qg4 Ng5 $14) 32... Qc6 33. Rd5 h5
(33... b6 34. Qe2 Nh8 35. Qd3 $16) 34. Qe2 Kh7 (34... Bh6 35. Bxh6 Nxh6 36. Rd6
Qe8 37. a5 $16) 35. g4 $1 {White turns his positional domination into material
gain, black is lost.} hxg4 36. hxg4 Rf4 (36... Rf6 37. Nxf6+ Bxf6 38. a5 $18)
37. Bxf4 exf4 38. R1d3 (38. Qh2+ Kg8 39. Qxf4 Qb6+ 40. Nc5 Ne5 41. Qg3 Nf3+ 42.
Kg2 Qf6 43. Kh1 $18) 38... Kg8 39. Nd6 (39. Nf2 Re8 40. Qd1 Ne5 41. Rh3 $18)
39... Nxd6 40. Rxd6 Qc5+ 41. Kf1 Qg5 (41... f3 42. Qe6+ Kh8 43. Qxg6 $18) 42.
Qe6+ Kh7 43. Rh3+ Bh6 44. Rd7+ Kh8 45. Qe7 $1 (45. Qe7 $1 Qxe7 46. Rxe7 $18)
1-0